000 00383cam a22001217a 4500
008 180718b1987 xxu||||| |||| 00| 0 eng d
082 _aA81x54 In2/81/10/Pt8A&B
100 _aCensus of India 1981
245 _aKerala: household tables
260 _aDelhi
_bThe Controller of Publications
_c1987
300 _a859+p.
440 _aCensus of India 1981. Series-10, Kerala. Part-VIII A & B
999 _c482884
_d482884